Minerals planning guidance (Record no. 97225)

MARC details
000 -LEADER
fixed length control field 01187cam a2200325 4500
008 - FIXED-LENGTH DATA ELEMENTS--GENERAL INFORMATION
fixed length control field 090401t1998 xxu||||| |||| 00| 0 eng d
020 ## - INTERNATIONAL STANDARD BOOK NUMBER
International Standard Book Number 0117534722
035 ## - SYSTEM CONTROL NUMBER
System control number (Sirsi) u87357
041 ## - LANGUAGE CODE
Language code of text/sound track or separate title eng
050 ## - LIBRARY OF CONGRESS CALL NUMBER
Classification number 711.1
110 ## - MAIN ENTRY--CORPORATE NAME
Corporate name or jurisdiction name as entry element United Kingdom
Subordinate unit Department of the Environment, Transport and the Regions
9 (RLIN) 3507
245 ## - TITLE STATEMENT
Title Minerals planning guidance
Remainder of title applications, permissions and conditions.
250 ## - EDITION STATEMENT
Edition statement 2nd ed.
260 ## - PUBLICATION, DISTRIBUTION, ETC.
Place of publication, distribution, etc. London
Name of publisher, distributor, etc. Stationery Office
Date of publication, distribution, etc. 1998
300 ## - PHYSICAL DESCRIPTION
Extent 32p.
Dimensions 30cm.
350 ## - PRICE (NR) (BK AM CF MU VM SE) [OBSOLETE]
Price 16.99
490 ## - SERIES STATEMENT
Series statement MPG
Volume/sequential designation 2
520 ## - SUMMARY, ETC.
Summary, etc. Advises on the handling of planning applications for minerals development, planning permissions and the imposition of planning conditions. View at www.planning.odpm.gov.uk.
520 ## - SUMMARY, ETC.
Summary, etc. Replaces the 1988 editions of MPG2 (ISBN 0117520527) and MPG5 (ISBN 0117521736).
650 ## - SUBJECT ADDED ENTRY--TOPICAL TERM
Topical term or geographic name entry element MINERALS PLANNING
650 ## - SUBJECT ADDED ENTRY--TOPICAL TERM
Topical term or geographic name entry element MINERALS
650 ## - SUBJECT ADDED ENTRY--TOPICAL TERM
Topical term or geographic name entry element MPG2
650 ## - SUBJECT ADDED ENTRY--TOPICAL TERM
Topical term or geographic name entry element MPG5
650 ## - SUBJECT ADDED ENTRY--TOPICAL TERM
Topical term or geographic name entry element PLANNING APPLICATIONS
650 ## - SUBJECT ADDED ENTRY--TOPICAL TERM
Topical term or geographic name entry element PLANNING PERMISSIONS
690 ## - LOCAL SUBJECT ADDED ENTRY--TOPICAL TERM (OCLC, RLIN)
Topical term or geographic name as entry element MINING AND MINERALS
856 ## - ELECTRONIC LOCATION AND ACCESS
Uniform Resource Identifier <a href="https://www.communities.gov.uk/index.asp?id=1144150">https://www.communities.gov.uk/index.asp?id=1144150</a>
Hours access method available View the guidance on the ODPM website...
942 ## - ADDED ENTRY ELEMENTS (KOHA)
Suppress in OPAC 0
948 ## - LOCAL PROCESSING INFORMATION (OCLC); SERIES PART DESIGNATOR (RLIN)
c (OCLC) 13/07/1998
Holdings
Withdrawn status Lost status Source of classification or shelving scheme Damaged status Not for loan Home library Current library Shelving location Date acquired Cost, normal purchase price Total Checkouts Full call number Barcode Date last seen Copy number Cost, replacement price Price effective from Koha item type Date last checked out
    Dewey Decimal Classification     London London Enquiry desk 26/08/1998 16.99   BOXED SET 30056247 06/08/2019 1 16.99 06/08/2019 Reference material  
    Dewey Decimal Classification     London London Enquiry desk 26/08/1998 16.99 1 BOXED SET 30056248 06/08/2019 2 16.99 06/08/2019 Book 15/09/1999
    Dewey Decimal Classification     Virtual Virtual Online 26/06/2003     ONLINE PUBLICATION 87357-2001 06/08/2019 1   06/08/2019 Book